000 00308nam a2200121Ia 4500
005 20260326235450.0
008 260326s9999||||xx |||||||||||||| ||und||
100 _aPaz Maroto, José
245 0 _aUrbanismo y Servicios Urbanos /
_cJosé Paz Maroto
300 _a774 p.
650 _aDISEÑO URBANO
942 _cBK
999 _c7722
_d7722